[Event "Florianopolis Autumn op"]
[Site "Florianopolis"]
[Date "2024.04.14"]
[Round "5"]
[White "Lima, Stefan Moisei Vieir"]
[Black "Casalaspro, Mathias Andre"]
[Result "1-0"]
[WhiteElo "2176"]
[BlackElo "2107"]
[PlyCount "95"]
[EventDate "2024.04.12"]
[EventType "swiss"]
[EventRounds "6"]
[EventCountry "BRA"]
[SourceTitle "CB18_2024"]
[SourceDate "2024.05.01"]
[SourceVersion "1"]
[SourceVersionDate "2024.05.01"]
[SourceQuality "2"]

1. e4 c6 2. d4 d5 3. Nc3 dxe4 4. Nxe4 Nf6 5. Nxf6+ exf6 6. c3 Bd6 7. Bd3 0-0 8. Qc2 Re8+ 9. Ne2 h5 10. 0-0 Qc7 11. h3 Nd7 12. Be3 Nf8 13. Rae1 Bd7 14. Qc1 g6 15. Bf4 Re7 16. Bxd6 Qxd6 17. Ng3 Kg7 18. Rxe7 Qxe7 19. Re1 Qd6 20. Ne4 Qc7 21. c4 Re8 22. Qd2 Bf5 23. Re3 Ne6 24. Nc5 Bxd3 25. Nxe6+ Rxe6 26. Rxd3 Qe7 27. Kf1 Qd6 28. d5 cxd5 29. cxd5 Re7 30. Kg1 Re5 31. Rd4 h4 32. Rxh4 g5 33. Rd4 a6 34. g3 Re8 35. Kg2 Rh8 36. Qd1 Rc8 37. h4 Rc5 38. Qf3 Qe5 39. Qd1 Rc1 40. Qd2 Rc2 41. Qd3 Rxb2 42. hxg5 fxg5 43. d6 Qe1 44. Qf5 Qe3 45. Rg4 f6 46. Rc4 Qe5 47. Rc7+ Kf8 48. Rc8+ 1-0

[Event "Marianske Lazne IM-B1 22nd"]
[Site "Marianske Lazne"]
[Date "2024.01.17"]
[Round "6"]
[White "Rasmussen, Casper"]
[Black "Lima, Stefan Moisei Vieir"]
[Result "1-0"]
[WhiteElo "2265"]
[BlackElo "2173"]
[PlyCount "97"]
[EventDate "2024.01.13"]
[EventType "tourn"]
[EventRounds "9"]
[EventCountry "CZE"]
[EventCategory "1"]
[SourceTitle "CB04_2024"]
[SourceDate "2023.10.16"]
[SourceVersion "1"]
[SourceVersionDate "2023.10.16"]
[SourceQuality "1"]

1. Nf3 d5 2. d4 e6 3. c4 a6 4. cxd5 exd5 5. Nc3 c6 6. h3 Bd6 7. Bg5 Ne7 8. e4 dxe4 9. Nxe4 h6 10. Nxd6+ Qxd6 11. Bd2 0-0 12. Be2 Be6 13. 0-0 Nd7 14. a3 Nd5 15. Re1 Bf5 16. Bf1 Rfe8 17. Qb3 Be4 18. Ne5 Nxe5 19. Rxe4 Ng6 20. Rxe8+ Rxe8 21. Qxb7 Rb8 22. Qxa6 Rxb2 23. Bc1 Rb8 24. Qd3 Ngf4 25. Qe4 Ne6 26. Qe5 Qd8 27. Bc4 Ra8 28. Be3 Ra5 29. Bd2 Ra4 30. Rb1 Qf6 31. Qxf6 Nxf6 32. Rb8+ Kh7 33. Bxe6 fxe6 34. Bb4 Nd5 35. Bc5 Rc4 36. Re8 Nf4 37. Kh2 Rc2 38. Kg3 g5 39. Kf3 Nd3 40. Re7+ Kg8 41. Rxe6 Kh7 42. Rxc6 Nxf2 43. Rc7+ Kg6 44. Rc6+ Kh7 45. a4 Nd3 46. a5 Ra2 47. a6 Kg7 48. a7 Nxc5 49. Rc7+ 1-0

[Event "Marianske Lazne IM-B1 22nd"]
[Site "Marianske Lazne"]
[Date "2024.01.13"]
[Round "1"]
[White "Lima, Stefan Moisei Vieir"]
[Black "Dobrowolski, Piotr"]
[Result "1/2-1/2"]
[WhiteElo "2173"]
[BlackElo "2401"]
[PlyCount "82"]
[EventDate "2024.01.13"]
[EventType "tourn"]
[EventRounds "9"]
[EventCountry "CZE"]
[EventCategory "1"]
[SourceTitle "CB04_2024"]
[SourceDate "2023.10.16"]
[SourceVersion "1"]
[SourceVersionDate "2023.10.16"]
[SourceQuality "1"]

1. d4 Nf6 2. c4 e6 3. Nf3 c5 4. g3 cxd4 5. Nxd4 d5 6. Bg2 e5 7. Nf3 d4 8. 0-0 Nc6 9. e3 Bc5 10. exd4 exd4 11. Re1+ Be6 12. Ng5 0-0 13. Nxe6 fxe6 14. Nd2 Qd6 15. Ne4 Nxe4 16. Bxe4 e5 17. a3 a5 18. Qd3 h6 19. Bd2 Kh8 20. Re2 Qf6 21. Rae1 Bd6 22. Kh1 a4 23. g4 Qh4 24. f3 Ra6 25. Rg1 Ne7 26. g5 Bc5 27. gxh6 gxh6 28. Reg2 Qf6 29. Rg3 Rg8 30. Rxg8+ Nxg8 31. Rg3 Rb6 32. Bd5 Ne7 33. Ba5 Rb3 34. Qe4 Re3 35. Qg4 d3 36. Bd2 Re2 37. Qd7 Qf8 38. Qe6 Nxd5 39. cxd5 Rxd2 40. Qxe5+ Kh7 41. Qe4+ Kh8 1/2-1/2

[Event "Titled Tuesday intern op 12th Dec Early"]
[Site "Chess.com INT"]
[Date "2023.12.12"]
[Round "1"]
[White "Matinian, Nikita"]
[Black "Lima, Stefan Moisei Vieir"]
[Result "1-0"]
[WhiteElo "2418"]
[BlackElo "2155"]
[PlyCount "39"]
[EventDate "2023.12.12"]
[EventType "swiss (blitz)"]
[EventRounds "11"]
[EventCountry "USA"]
[SourceTitle "CB51_2023"]
[SourceDate "2023.12.20"]
[SourceVersion "1"]
[SourceVersionDate "2023.12.20"]
[SourceQuality "1"]

1. e4 c5 2. Nc3 a6 3. g3 b5 4. Bg2 Bb7 5. d3 e6 6. f4 Be7 7. Nf3 d6 8. 0-0 Nd7 9. Ng5 Qc7 10. Qh5 g6 11. Qh3 Ngf6 12. f5 exf5 13. exf5 Bxg2 14. Kxg2 0-0 15. fxg6 hxg6 16. Nd5 Qb7 17. c4 Rfe8 18. Kg1 Bd8 19. Nxf7 Nxd5 20. Qh8# 1-0

[Event "Manaus op 2nd"]
[Site "Manaus"]
[Date "2023.10.12"]
[Round "3"]
[White "Cubas, Jose Fernando"]
[Black "Lima, Stefan Moisei Vieir"]
[Result "1-0"]
[WhiteElo "2411"]
[BlackElo "2086"]
[PlyCount "77"]
[EventDate "2023.10.11"]
[EventType "swiss"]
[EventRounds "9"]
[EventCountry "BRA"]
[SourceTitle "Mega2024 Update 01"]
[Source "Chessbase"]
[SourceDate "2023.11.12"]
[SourceVersion "1"]
[SourceVersionDate "2023.11.12"]
[SourceQuality "1"]

1. e4 c5 2. Nf3 d6 3. Bc4 Nf6 4. d3 e6 5. Bb3 Be7 6. 0-0 a6 7. Re1 Nc6 8. c3 b5 9. Nbd2 Bb7 10. Nf1 0-0 11. Ng3 Re8 12. d4 cxd4 13. cxd4 Bf8 14. a3 h6 15. h3 Rc8 16. Bc2 g6 17. Bd3 Bg7 18. b4 Nd7 19. Be3 Nb6 20. Qd2 h5 21. Rac1 Ne7 22. Bh6 Nc6 23. Bxg7 Kxg7 24. Rc3 Qf6 25. e5 dxe5 26. dxe5 Qd8 27. Rec1 Na4 28. R3c2 Nd4 29. Nxd4 Qxd4 30. Rc7 Kg8 31. Rxb7 Rxc1+ 32. Qxc1 Qxd3 33. Qf4 Rf8 34. Ne4 Nc3 35. Nf6+ Kg7 36. Ne8+ Kh7 37. Rxf7+ Rxf7 38. Qxf7+ Kh6 39. h4 1-0

[Event "Titled Tuesday intern op 26th Sep Late"]
[Site "Chess.com INT"]
[Date "2023.09.26"]
[Round "2"]
[White "Baziuk, Vladyslav"]
[Black "Lima, Stefan Moisei Vieir"]
[Result "0-1"]
[WhiteElo "2211"]
[BlackElo "2101"]
[PlyCount "78"]
[EventDate "2023.09.26"]
[EventType "swiss (blitz)"]
[EventRounds "11"]
[EventCountry "USA"]
[SourceTitle "EXT 2024"]
[Source "ChessBase"]
[SourceDate "2023.10.10"]
[SourceVersion "1"]
[SourceVersionDate "2023.10.10"]
[SourceQuality "1"]

1. e4 c5 2. Nf3 d6 3. d4 cxd4 4. Nxd4 Nf6 5. Nc3 a6 6. f3 e5 7. Nb3 Be6 8. Be3 Be7 9. Qd2 0-0 10. 0-0-0 Nbd7 11. g4 b5 12. g5 b4 13. Ne2 Ne8 14. f4 a5 15. f5 a4 16. Nbd4 exd4 17. Nxd4 b3 18. cxb3 axb3 19. a3 Qc7+ 20. Kb1 Nc5 21. fxe6 fxe6 22. Bg2 d5 23. exd5 Nd6 24. Nxe6 Nxe6 25. dxe6 Nc4 26. Qc1 Rxa3 27. bxa3 Nxa3+ 28. Kb2 Nc4+ 29. Kb1 Qa5 30. Rd2 Nxe3 31. Be4 Ba3 32. Rb2 Bxb2 33. Qxb2 Nc4 34. Qe2 Na3+ 35. Kb2 Qb4 36. Ra1 Nc4+ 37. Kb1 b2 38. Ra2 Nd2+ 39. Kc2 b1Q# 0-1

[Event "Titled Tuesday intern op 26th Sep Late"]
[Site "Chess.com INT"]
[Date "2023.09.26"]
[Round "4"]
[White "Lima, Stefan Moisei Vieir"]
[Black "Kleiman, Jake"]
[Result "0-1"]
[WhiteElo "2101"]
[BlackElo "2399"]
[PlyCount "86"]
[EventDate "2023.09.26"]
[EventType "swiss (blitz)"]
[EventRounds "11"]
[EventCountry "USA"]
[SourceTitle "EXT 2024"]
[Source "ChessBase"]
[SourceDate "2023.10.10"]
[SourceVersion "1"]
[SourceVersionDate "2023.10.10"]
[SourceQuality "1"]

1. d4 Nf6 2. c4 e6 3. Nf3 Bb4+ 4. Nbd2 0-0 5. a3 Be7 6. e4 d5 7. e5 Nfd7 8. Bd3 c5 9. h4 g6 10. h5 Nc6 11. cxd5 exd5 12. Qe2 Qe8 13. Nf1 cxd4 14. Ng3 Nc5 15. Bh6 Bg4 16. hxg6 fxg6 17. Bxf8 Bxf8 18. 0-0 Bxf3 19. Qxf3 Nxd3 20. Qxd3 Qxe5 21. Rae1 Qd6 22. Ne2 Bg7 23. Qb5 Rb8 24. Nc1 a6 25. Qb3 Ne5 26. Nd3 Nc4 27. Re2 b5 28. Qd1 Rf8 29. b3 Ne5 30. Nxe5 Bxe5 31. g3 Bg7 32. Qd3 Qxa3 33. f4 Qd6 34. Rfe1 Qc7 35. Qf3 Qc5 36. Re7 d3+ 37. Kg2 d2 38. R1e6 Qc2 39. Re2 d1Q 40. Rxc2 Qxc2+ 41. Kh3 Qf5+ 42. g4 Qxf4 43. Qxd5+ Kh8 0-1

[Event "Titled Tuesday intern op 26th Sep Late"]
[Site "Chess.com INT"]
[Date "2023.09.26"]
[Round "3"]
[White "Mortazavi, Ali"]
[Black "Lima, Stefan Moisei Vieir"]
[Result "0-1"]
[WhiteElo "2333"]
[BlackElo "2101"]
[PlyCount "74"]
[EventDate "2023.09.26"]
[EventType "swiss (blitz)"]
[EventRounds "11"]
[EventCountry "USA"]
[SourceTitle "EXT 2024"]
[Source "ChessBase"]
[SourceDate "2023.10.10"]
[SourceVersion "1"]
[SourceVersionDate "2023.10.10"]
[SourceQuality "1"]

1. Nf3 Nf6 2. g3 g6 3. Bg2 Bg7 4. 0-0 0-0 5. d3 d5 6. Nbd2 Nc6 7. e4 e5 8. c3 h6 9. Re1 Re8 10. a4 a5 11. Qb3 Be6 12. exd5 Nxd5 13. Nc4 Nb6 14. Qb5 e4 15. Nfd2 exd3 16. Nxb6 cxb6 17. Rd1 Bg4 18. Nf3 Ne5 19. Nxe5 Bxd1 20. Bf4 Bxa4 21. Rxa4 d2 22. Bxd2 Qxd2 23. Nf3 Qd1+ 24. Qf1 Qxa4 25. h4 Rad8 26. Kh2 Qd7 27. h5 g5 28. Qc4 b5 29. Qa2 a4 30. Ng1 Qe6 31. Qa3 Bf8 32. Qa1 Rd2 33. Qf1 Qe1 34. Qxb5 Qxf2 35. Qxb7 Qxg2+ 36. Qxg2 Rxg2+ 37. Kxg2 Rb8 0-1

[Event "Titled Tuesday intern op 05th Sep Late"]
[Site "Chess.com INT"]
[Date "2023.09.05"]
[Round "7"]
[White "Wyss, Jonas"]
[Black "Lima, Stefan Moisei Vieir"]
[Result "1-0"]
[WhiteElo "2265"]
[BlackElo "2101"]
[PlyCount "46"]
[EventDate "2023.09.05"]
[EventType "swiss (blitz)"]
[EventRounds "11"]
[EventCountry "USA"]
[SourceTitle "EXT 2024"]
[Source "ChessBase"]
[SourceDate "2023.10.10"]
[SourceVersion "1"]
[SourceVersionDate "2023.10.10"]
[SourceQuality "1"]

1. e4 c5 2. Nf3 d6 3. Bb5+ Bd7 4. Bxd7+ Nxd7 5. 0-0 Ngf6 6. Qe2 e6 7. c3 Be7 8. d4 0-0 9. e5 Nd5 10. exd6 Bxd6 11. dxc5 Bxc5 12. Rd1 Qc7 13. c4 Nb4 14. Nc3 a6 15. a3 Nc6 16. b4 Be7 17. Bb2 Nde5 18. Ne4 Nxf3+ 19. Qxf3 Rfd8 20. Qg3 Qxg3 21. hxg3 f5 22. Nd2 Nd4 23. Nf3 Bf6 1-0

[Event "Caxambu op"]
[Site "Caxambu"]
[Date "2023.07.23"]
[Round "7"]
[White "Miquelin, Nicolas Seoane"]
[Black "Lima, Stefan Moisei Vieir"]
[Result "1/2-1/2"]
[WhiteElo "2103"]
[BlackElo "2119"]
[PlyCount "84"]
[EventDate "2023.07.20"]
[EventType "swiss"]
[EventRounds "7"]
[EventCountry "BRA"]
[SourceTitle "CBM 215 Extra"]
[Source "ChessBase"]
[SourceDate "2023.09.30"]
[SourceVersion "1"]
[SourceVersionDate "2023.09.30"]
[SourceQuality "1"]

1. d4 Nf6 2. c4 e6 3. Nc3 Bb4 4. e3 0-0 5. Nge2 d5 6. a3 Be7 7. Ng3 c5 8. dxc5 dxc4 9. Bxc4 Qxd1+ 10. Kxd1 Bxc5 11. b4 Be7 12. Bb2 a6 13. Ke2 Bd7 14. Rad1 Rc8 15. Bd3 Bc6 16. e4 Nbd7 17. f4 Bf8 18. Nf1 Nb6 19. Ne3 Na4 20. Nxa4 Bxa4 21. Rd2 Bc6 22. e5 Nd5 23. g3 Nxe3 24. Kxe3 Be7 25. Rc1 Rd8 26. Bd4 Rd7 27. Bb6 g6 28. Be2 Rxd2 29. Kxd2 Kf8 30. Ke3 Ke8 31. Rc3 h5 32. Bf1 Kd7 33. Rd3+ Bd5 34. Rc3 Rc8 35. Rxc8 Kxc8 36. Kd4 Kd7 37. Bc5 Bd8 38. Bd3 Bf3 39. Ke3 Bd5 40. Kd4 Bf3 41. Ke3 Bd5 42. Kd4 Bf3 1/2-1/2

[Event "Rio de Janeiro op 04"]
[Site "Rio de Janeiro"]
[Date "2023.04.30"]
[Round "3"]
[White "Rangel, Daniel"]
[Black "Lima, Stefan Moisei Vieir"]
[Result "1-0"]
[WhiteElo "2193"]
[BlackElo "2007"]
[PlyCount "87"]
[EventDate "2023.04.29"]
[EventType "swiss"]
[EventRounds "6"]
[EventCountry "BRA"]
[SourceTitle "CBM 214 Extra"]
[Source "ChessBase"]
[SourceDate "2023.07.31"]
[SourceVersion "1"]
[SourceVersionDate "2023.07.31"]
[SourceQuality "1"]

1. e4 c5 2. Nf3 d6 3. d4 cxd4 4. Nxd4 Nf6 5. Nc3 a6 6. Rg1 e5 7. Nb3 Be6 8. Be3 d5 9. exd5 Nxd5 10. Nxd5 Qxd5 11. Qxd5 Bxd5 12. 0-0-0 Bxb3 13. axb3 Be7 14. Be2 Nc6 15. Bf3 Rc8 16. Kb1 f5 17. g4 fxg4 18. Bxg4 Rd8 19. Bb6 Rd6 20. Rxd6 Bxd6 21. Bc8 Kf7 22. Bxb7 Rb8 23. Bxc6 Rxb6 24. Be4 Bc5 25. Rg2 Rf6 26. f3 Be3 27. b4 Rb6 28. c3 Rh6 29. Bd3 Bf4 30. Bc4+ Kf8 31. Kc2 Rxh2 32. Rxh2 Bxh2 33. Bxa6 Bg1 34. Bf1 Ke7 35. b5 Kd6 36. b4 h5 37. c4 g5 38. c5+ Kc7 39. Kd3 Bf2 40. Kc4 Be1 41. b6+ Kc6 42. Bg2 Kd7 43. Bh3+ Kc6 44. Bc8 1-0